<?xml version="1.0" encoding="UTF-8"?>
<record
    xmlns:xsi="http://www.w3.org/2001/XMLSchema-instance"
    xsi:schemaLocation="http://www.loc.gov/MARC21/slim http://www.loc.gov/standards/marcxml/schema/MARC21slim.xsd"
    xmlns="http://www.loc.gov/MARC21/slim">

  <leader>00481nam a22001697a 4500</leader>
  <controlfield tag="005">20240306135627.0</controlfield>
  <controlfield tag="008">240306b        |||||||| |||| 00| 0 eng d</controlfield>
  <datafield tag="022" ind1=" " ind2=" ">
    <subfield code="a">10233806</subfield>
  </datafield>
  <datafield tag="041" ind1=" " ind2=" ">
    <subfield code="a">English </subfield>
  </datafield>
  <datafield tag="082" ind1=" " ind2=" ">
    <subfield code="a">349 BUT </subfield>
  </datafield>
  <datafield tag="100" ind1=" " ind2=" ">
    <subfield code="l">English </subfield>
  </datafield>
  <datafield tag="245" ind1=" " ind2=" ">
    <subfield code="a">Butterworths Law Reports : Labour Law </subfield>
  </datafield>
  <datafield tag="260" ind1=" " ind2=" ">
    <subfield code="a">Durban : </subfield>
    <subfield code="b">LexisNexis (Pty) Ltd, </subfield>
    <subfield code="c">2022</subfield>
  </datafield>
  <datafield tag="300" ind1=" " ind2=" ">
    <subfield code="b">xxii, 114 pages ;</subfield>
    <subfield code="c">25 cm. </subfield>
  </datafield>
  <datafield tag="650" ind1=" " ind2=" ">
    <subfield code="a">Legal practice </subfield>
    <subfield code="b">Law </subfield>
  </datafield>
  <datafield tag="942" ind1=" " ind2=" ">
    <subfield code="c">CR</subfield>
    <subfield code="6">ALISON_BN_VRIES</subfield>
  </datafield>
  <datafield tag="999" ind1=" " ind2=" ">
    <subfield code="c">1413</subfield>
    <subfield code="d">1413</subfield>
  </datafield>
  <datafield tag="952" ind1=" " ind2=" ">
    <subfield code="0">0</subfield>
    <subfield code="1">0</subfield>
    <subfield code="2">ddc</subfield>
    <subfield code="3">January 2022</subfield>
    <subfield code="4">0</subfield>
    <subfield code="6">349_000000000000000_BUT</subfield>
    <subfield code="7">0</subfield>
    <subfield code="8">SER</subfield>
    <subfield code="9">2636</subfield>
    <subfield code="a">LSN</subfield>
    <subfield code="b">LSN</subfield>
    <subfield code="c">BLR</subfield>
    <subfield code="d">2024-03-06</subfield>
    <subfield code="l">0</subfield>
    <subfield code="o">349 BUT </subfield>
    <subfield code="p">LSN/2023/673</subfield>
    <subfield code="r">2024-03-06 00:00:00</subfield>
    <subfield code="w">2024-03-06</subfield>
    <subfield code="y">CR</subfield>
  </datafield>
  <datafield tag="952" ind1=" " ind2=" ">
    <subfield code="0">0</subfield>
    <subfield code="1">0</subfield>
    <subfield code="2">ddc</subfield>
    <subfield code="3">February 2022 </subfield>
    <subfield code="4">0</subfield>
    <subfield code="6">349_000000000000000_BUT</subfield>
    <subfield code="7">0</subfield>
    <subfield code="8">SER</subfield>
    <subfield code="9">2637</subfield>
    <subfield code="a">LSN</subfield>
    <subfield code="b">LSN</subfield>
    <subfield code="c">BLR</subfield>
    <subfield code="d">2024-03-06</subfield>
    <subfield code="l">0</subfield>
    <subfield code="o">349 BUT </subfield>
    <subfield code="p">LSN/2023/674</subfield>
    <subfield code="r">2024-03-06 00:00:00</subfield>
    <subfield code="w">2024-03-06</subfield>
    <subfield code="y">CR</subfield>
  </datafield>
  <datafield tag="952" ind1=" " ind2=" ">
    <subfield code="0">0</subfield>
    <subfield code="1">0</subfield>
    <subfield code="2">ddc</subfield>
    <subfield code="3">March 2022</subfield>
    <subfield code="4">0</subfield>
    <subfield code="6">349_000000000000000_BUT</subfield>
    <subfield code="7">0</subfield>
    <subfield code="8">SER</subfield>
    <subfield code="9">2638</subfield>
    <subfield code="a">LSN</subfield>
    <subfield code="b">LSN</subfield>
    <subfield code="c">BLR</subfield>
    <subfield code="d">2024-03-06</subfield>
    <subfield code="l">0</subfield>
    <subfield code="o">349 BUT </subfield>
    <subfield code="p">LSN/2023/675</subfield>
    <subfield code="r">2024-03-06 00:00:00</subfield>
    <subfield code="w">2024-03-06</subfield>
    <subfield code="y">CR</subfield>
  </datafield>
  <datafield tag="952" ind1=" " ind2=" ">
    <subfield code="0">0</subfield>
    <subfield code="1">0</subfield>
    <subfield code="2">ddc</subfield>
    <subfield code="3">April 2022 </subfield>
    <subfield code="4">0</subfield>
    <subfield code="6">349_000000000000000_BUT</subfield>
    <subfield code="7">0</subfield>
    <subfield code="8">SER</subfield>
    <subfield code="9">2639</subfield>
    <subfield code="a">LSN</subfield>
    <subfield code="b">LSN</subfield>
    <subfield code="c">BLR</subfield>
    <subfield code="d">2024-03-06</subfield>
    <subfield code="l">0</subfield>
    <subfield code="o">349 BUT </subfield>
    <subfield code="p">LSN/2023/676</subfield>
    <subfield code="r">2024-03-06 00:00:00</subfield>
    <subfield code="w">2024-03-06</subfield>
    <subfield code="y">CR</subfield>
  </datafield>
  <datafield tag="952" ind1=" " ind2=" ">
    <subfield code="0">0</subfield>
    <subfield code="1">0</subfield>
    <subfield code="2">ddc</subfield>
    <subfield code="3">May 2022 </subfield>
    <subfield code="4">0</subfield>
    <subfield code="6">349_000000000000000_BUT</subfield>
    <subfield code="7">0</subfield>
    <subfield code="8">SER</subfield>
    <subfield code="9">2640</subfield>
    <subfield code="a">LSN</subfield>
    <subfield code="b">LSN</subfield>
    <subfield code="c">BLR</subfield>
    <subfield code="d">2024-03-06</subfield>
    <subfield code="l">0</subfield>
    <subfield code="o">349 BUT </subfield>
    <subfield code="p">LSN/2023/677</subfield>
    <subfield code="r">2024-03-06 00:00:00</subfield>
    <subfield code="w">2024-03-06</subfield>
    <subfield code="y">CR</subfield>
  </datafield>
  <datafield tag="952" ind1=" " ind2=" ">
    <subfield code="0">0</subfield>
    <subfield code="1">0</subfield>
    <subfield code="2">ddc</subfield>
    <subfield code="3">June 2022 </subfield>
    <subfield code="4">0</subfield>
    <subfield code="6">349_000000000000000_BUT</subfield>
    <subfield code="7">0</subfield>
    <subfield code="8">SER</subfield>
    <subfield code="9">2641</subfield>
    <subfield code="a">LSN</subfield>
    <subfield code="b">LSN</subfield>
    <subfield code="c">BLR</subfield>
    <subfield code="d">2024-03-06</subfield>
    <subfield code="l">0</subfield>
    <subfield code="o">349 BUT </subfield>
    <subfield code="p">LSN/2023/678</subfield>
    <subfield code="r">2024-03-06 00:00:00</subfield>
    <subfield code="w">2024-03-06</subfield>
    <subfield code="y">CR</subfield>
  </datafield>
  <datafield tag="952" ind1=" " ind2=" ">
    <subfield code="0">0</subfield>
    <subfield code="1">0</subfield>
    <subfield code="2">ddc</subfield>
    <subfield code="3">July 2022</subfield>
    <subfield code="4">0</subfield>
    <subfield code="6">349_000000000000000_BUT</subfield>
    <subfield code="7">0</subfield>
    <subfield code="8">SER</subfield>
    <subfield code="9">2642</subfield>
    <subfield code="a">LSN</subfield>
    <subfield code="b">LSN</subfield>
    <subfield code="c">BLR</subfield>
    <subfield code="d">2024-03-06</subfield>
    <subfield code="l">0</subfield>
    <subfield code="o">349 BUT </subfield>
    <subfield code="p">LSN/2023/679</subfield>
    <subfield code="r">2024-03-06 00:00:00</subfield>
    <subfield code="w">2024-03-06</subfield>
    <subfield code="y">CR</subfield>
  </datafield>
  <datafield tag="952" ind1=" " ind2=" ">
    <subfield code="0">0</subfield>
    <subfield code="1">0</subfield>
    <subfield code="2">ddc</subfield>
    <subfield code="3">August 2022 </subfield>
    <subfield code="4">0</subfield>
    <subfield code="6">349_000000000000000_BUT</subfield>
    <subfield code="7">0</subfield>
    <subfield code="8">SER</subfield>
    <subfield code="9">2643</subfield>
    <subfield code="a">LSN</subfield>
    <subfield code="b">LSN</subfield>
    <subfield code="c">BLR</subfield>
    <subfield code="d">2024-03-06</subfield>
    <subfield code="l">0</subfield>
    <subfield code="o">349 BUT </subfield>
    <subfield code="p">LSN/2023/680</subfield>
    <subfield code="r">2024-03-06 00:00:00</subfield>
    <subfield code="w">2024-03-06</subfield>
    <subfield code="y">CR</subfield>
  </datafield>
  <datafield tag="952" ind1=" " ind2=" ">
    <subfield code="0">0</subfield>
    <subfield code="1">0</subfield>
    <subfield code="2">ddc</subfield>
    <subfield code="3">September 2022 </subfield>
    <subfield code="4">0</subfield>
    <subfield code="6">349_000000000000000_BUT</subfield>
    <subfield code="7">0</subfield>
    <subfield code="8">SER</subfield>
    <subfield code="9">2644</subfield>
    <subfield code="a">LSN</subfield>
    <subfield code="b">LSN</subfield>
    <subfield code="c">BLR</subfield>
    <subfield code="d">2024-03-06</subfield>
    <subfield code="l">0</subfield>
    <subfield code="o">349 BUT </subfield>
    <subfield code="p">LSN/2023/681</subfield>
    <subfield code="r">2024-03-06 00:00:00</subfield>
    <subfield code="w">2024-03-06</subfield>
    <subfield code="y">CR</subfield>
  </datafield>
  <datafield tag="952" ind1=" " ind2=" ">
    <subfield code="0">0</subfield>
    <subfield code="1">0</subfield>
    <subfield code="2">ddc</subfield>
    <subfield code="3">October 2022 </subfield>
    <subfield code="4">0</subfield>
    <subfield code="6">349_000000000000000_BUT</subfield>
    <subfield code="7">0</subfield>
    <subfield code="8">SER</subfield>
    <subfield code="9">2645</subfield>
    <subfield code="a">LSN</subfield>
    <subfield code="b">LSN</subfield>
    <subfield code="c">BLR</subfield>
    <subfield code="d">2024-03-06</subfield>
    <subfield code="l">0</subfield>
    <subfield code="o">349 BUT </subfield>
    <subfield code="p">LSN/2023/682</subfield>
    <subfield code="r">2024-03-06 00:00:00</subfield>
    <subfield code="w">2024-03-06</subfield>
    <subfield code="y">CR</subfield>
  </datafield>
  <datafield tag="952" ind1=" " ind2=" ">
    <subfield code="0">0</subfield>
    <subfield code="1">0</subfield>
    <subfield code="2">ddc</subfield>
    <subfield code="3">November 2022 </subfield>
    <subfield code="4">0</subfield>
    <subfield code="6">349_000000000000000_BUT</subfield>
    <subfield code="7">0</subfield>
    <subfield code="8">SER</subfield>
    <subfield code="9">2646</subfield>
    <subfield code="a">LSN</subfield>
    <subfield code="b">LSN</subfield>
    <subfield code="c">BLR</subfield>
    <subfield code="d">2024-03-06</subfield>
    <subfield code="l">0</subfield>
    <subfield code="o">349 BUT </subfield>
    <subfield code="p">LSN/2023/683</subfield>
    <subfield code="r">2024-03-06 00:00:00</subfield>
    <subfield code="w">2024-03-06</subfield>
    <subfield code="y">CR</subfield>
  </datafield>
  <datafield tag="952" ind1=" " ind2=" ">
    <subfield code="0">0</subfield>
    <subfield code="1">0</subfield>
    <subfield code="2">ddc</subfield>
    <subfield code="3">December 2022 </subfield>
    <subfield code="4">0</subfield>
    <subfield code="6">349_000000000000000_BUT</subfield>
    <subfield code="7">0</subfield>
    <subfield code="8">SER</subfield>
    <subfield code="9">2647</subfield>
    <subfield code="a">LSN</subfield>
    <subfield code="b">LSN</subfield>
    <subfield code="c">BLR</subfield>
    <subfield code="d">2024-03-06</subfield>
    <subfield code="l">0</subfield>
    <subfield code="o">349 BUT </subfield>
    <subfield code="p">LSN/2023/684</subfield>
    <subfield code="r">2024-03-06 00:00:00</subfield>
    <subfield code="w">2024-03-06</subfield>
    <subfield code="y">CR</subfield>
  </datafield>
</record>
